| 000 | 00907nam a22003490a 4500 | ||
|---|---|---|---|
| 001 | PT52633 | ||
| 003 | AR-LpoUNG | ||
| 005 | 20210131231530.0 | ||
| 008 | 191001s1981||||mx |||||||||||||||||spa d | ||
| 020 |
_a9681606604 _c$44,66 |
||
| 040 |
_aAR-LpoUNG _bspa _cAR-LpoUNG _eaacr |
||
| 041 | _aspa | ||
| 044 | _amx | ||
| 082 | 0 | _a199.72 676pro | |
| 100 | 1 | _aMiró Quesada, Francisco | |
| 245 | 1 | 0 | _aProyecto y realización del filosofar latinoamericano |
| 250 | _a1ra. ed. | ||
| 260 |
_aMéxico, D. F. : _bFondo de Cultura Económico, _c1981. |
||
| 300 |
_a220 p. : _bil. |
||
| 650 | 4 | _aAMERICA LATINA | |
| 650 | 4 | _aARTE | |
| 650 | 4 | _aCIENCIAS SOCIALES | |
| 650 | 4 | _aESTETICA | |
| 650 | 4 | _aFILOSOFIA | |
| 651 | 4 | _aDOCUMENTOS TEORICOS O METODOLOGICOS | |
| 653 | _aDIALECTICA | ||
| 653 | _aIDEALISMO | ||
| 653 | _aMETAFISICA | ||
| 653 | _aONTOLOGIA | ||
| 905 | _a52633 | ||
| 942 | _cLIB | ||
| 999 |
_c10546 _d10546 |
||